<?xml version="1.0" encoding="UTF-8"?>
<collection xmlns="http://www.loc.gov/MARC21/slim">
 <record>
  <leader>00771nam a22001931  4500</leader>
  <controlfield tag="001">1/15348</controlfield>
  <controlfield tag="008">990316s        us               1  eng d</controlfield>
  <datafield tag="020" ind1=" " ind2=" ">
   <subfield code="a">088024044X</subfield>
  </datafield>
  <datafield tag="035" ind1=" " ind2=" ">
   <subfield code="l">15842</subfield>
  </datafield>
  <datafield tag="040" ind1=" " ind2=" ">
   <subfield code="a">GR-PeUP</subfield>
  </datafield>
  <datafield tag="082" ind1="0" ind2="0">
   <subfield code="a">330.076 EC</subfield>
  </datafield>
  <datafield tag="245" ind1="0" ind2="0">
   <subfield code="a">Econometric course materials :</subfield>
   <subfield code="b">include macro-econometric, forecasting &amp; simulation /</subfield>
   <subfield code="c">Compiled by Edward Tower</subfield>
  </datafield>
  <datafield tag="260" ind1=" " ind2=" ">
   <subfield code="a">Durham :</subfield>
   <subfield code="b">Eno River Press ,</subfield>
   <subfield code="c">1981</subfield>
  </datafield>
  <datafield tag="300" ind1=" " ind2=" ">
   <subfield code="a">175 p. :</subfield>
   <subfield code="b">tabl. ;</subfield>
   <subfield code="c">21 cm.</subfield>
  </datafield>
  <datafield tag="490" ind1="1" ind2=" ">
   <subfield code="a">Economics Reading Lists, Course Outlines, Exams, Puzzles &amp; Problems ;</subfield>
  </datafield>
  <datafield tag="650" ind1=" " ind2="4">
   <subfield code="a">Econometrics</subfield>
   <subfield code="x">Exams.</subfield>
  </datafield>
  <datafield tag="700" ind1="1" ind2=" ">
   <subfield code="a">Tower, Edward,</subfield>
   <subfield code="e">ed.</subfield>
  </datafield>
  <datafield tag="830" ind1=" " ind2=" ">
   <subfield code="a">Economics Reading Lists, Course Outlines, Exams, Puzzles &amp; Problems ;</subfield>
   <subfield code="v">17</subfield>
  </datafield>
  <datafield tag="852" ind1=" " ind2=" ">
   <subfield code="a">INST</subfield>
   <subfield code="b">UNIPILB</subfield>
   <subfield code="c">MAIN</subfield>
   <subfield code="e">20040709</subfield>
   <subfield code="h">330.076 EC</subfield>
   <subfield code="p">00131709</subfield>
   <subfield code="q">00131709</subfield>
   <subfield code="t">LOAN</subfield>
   <subfield code="v">v.17:</subfield>
   <subfield code="y">0</subfield>
   <subfield code="z">v.17</subfield>
   <subfield code="4">1</subfield>
  </datafield>
 </record>
</collection>
